000 00895nam a2200265 a 4500
001 39280
003 BD-RjUL
005 20211209052946.0
008 990729s1959 bg a 001 0 eng d
020 _a007060228x (pbk.)
035 _a(BD-RjUL)39393
040 _aBD-RjUL
_beng
_cBD-RjUL
_dBD-RjUL
041 _aeng
082 _223
_a515.63
_bSPS 1959
100 1 _aSpiegel, Murray R.
_9118171
245 1 0 _aSchaum's outline of theory and problems of vector analysis and an introduction to tensor analysis /
_cMurray R.Spiegel.
260 _aNew York :
_bMcGraw-Hill,
_c1959.
300 _a225 p. :ill. ;
_c28 cm.
500 _aCover and spine title: Vector analysis and an introduction to tensor analysis.
504 _aIncludes index.
650 0 _aVector analysis.
_9119433
650 0 _aCalculus of tensors.
_9121106
830 0 _aSchaum's outline series.
_9117233
942 _2ddc
_cBK
999 _c39280
_d39280